000 00631nam a2200217Ia 4500
003 IN-BaIIA
008 211028s9999 xx 000 0 eng d
020 _a978-3-642-14733-3
040 _cIIA Library
080 _a524.3
_bBIS
100 _aBisnovatyi-Kogan, Gennady S.
_934241
245 0 _aStellar physics: 2, stellar evolution and stability
_cGennady S. Bisnovatyi-Kogan
250 _a2nd ed.
260 _aBerlin
_bSpringer
_c2010
300 _axxi, 491p.
650 _aStar formation
650 _aStellar evolution
650 _aSupernovae
650 _aThe Star
_99677
942 _cBK
999 _c17981
_d17981